[Event "AUTO-ADV-1499"]
[Site "http://www.queenalice.com/game.php?id=665075"]
[Date "2009.10.9"]
[Round "1"]
[White "Antak"]
[Black "marcaf"]
[Result "0-1"]
[WhiteElo "1922"]
[BlackElo "1867"]

1. d4 Nf6 2. c4 g6 3. Nc3 Bg7 4. e4 d6 5. Nf3 O-O 6. Be2 e5 7. d5 Ne8 8. O-O f5
9. Nd2 Kh8 10. a3 Rg8 11. b4 f4 12. f3 g5 13. Re1 h5 14. Nb3 Bf6 15. Bb2 g4 16.
c5 g3 17. h3 h4 18. Rc1 Bd7 19. Na5 Qc8 20. c6 bxc6 21. dxc6 Bxh3 22. Bc4 Bxg2
23. Kxg2 h3+ 24. Kg1 h2+ 25. Kg2 Rg7 26. Qd5 Bd8 27. Qb5 Rh7 28. Qb7 Qh3+ 0-1

[Event "AUTO-ADV-1499"]
[Site "http://www.queenalice.com/game.php?id=665076"]
[Date "2009.10.9"]
[Round "1"]
[White "marcaf"]
[Black "Wecker"]
[Result "0-1"]
[WhiteElo "1952"]
[BlackElo "1766"]

1. e4 e6 2. d3 d5 3. Qe2 dxe4 4. dxe4 Nc6 5. g3 Nd4 6. Qd3 Bc5 7. c3 Nc6 8.
Qxd8+ Kxd8 9. Nf3 Nf6 10. e5 Ne4 11. Bd3 Nxf2 12. Be4 Nxe4 13. Nbd2 Nxd2 14.
Bxd2 Bd7 15. O-O-O f6 16. Bf4 fxe5 17. Bxe5 Rg8 18. b4 Be3+ 19. Kc2 Rf8 20. Nh4
Nxe5 21. Rde1 Nc4 22. Kd3 b5 23. Ng2 Bb6 24. Nf4 Rf6 25. Rhf1 c5 26. bxc5 Bxc5
27. a4 Kc7 28. axb5 Bxb5 29. Rf3 Ne5+ 30. Ke4 Nxf3 31. Kxf3 Bd7 32. Ke4 a5 33.
Nh5 a4 34. Nxf6 gxf6 35. Rf1 a3 36. Ra1 a2 37. h4 Bc6+ 38. Kd3 Bf2 39. Kc2 Bxg3
40. h5 Be4+ 41. Kb2 Bb1 42. c4 Be5+ 0-1

[Event "AUTO-ADV-1499"]
[Site "http://www.queenalice.com/game.php?id=665077"]
[Date "2009.10.9"]
[Round "1"]
[White "Wecker"]
[Black "marcaf"]
[Result "1-0"]
[WhiteElo "1760"]
[BlackElo "1949"]

1. e4 e6 2. d4 d5 3. exd5 exd5 4. Nf3 Nf6 5. Bf4 Bf5 6. c4 dxc4 7. Bxc4 Bb4+ 8.
Nc3 O-O 9. O-O c6 10. a3 Be7 11. Re1 Nbd7 12. Qb3 Nb6 13. Ne5 Qxd4 14. Bxf7+ Kh8
15. Bg3 Nh5 16. Bxh5 Nd5 17. Nf7+ Rxf7 18. Bxf7 Nxc3 19. bxc3 Qf6 20. Qxb7 Rf8
21. Rxe7 Qxc3 22. Rae1 Qxa3 23. Qxc6 h6 24. Re8 Kh7 25. Rxf8 Qxf8 26. Qe8 Qxe8
27. Rxe8 a5 28. Ra8 g5 29. Rxa5 1-0

[Event "AUTO-ADV-1499"]
[Site "http://www.queenalice.com/game.php?id=665078"]
[Date "2009.10.9"]
[Round "1"]
[White "marcaf"]
[Black "thw"]
[Result "1-0"]
[WhiteElo "1929"]
[BlackElo "1943"]

1. e4 e6 2. d3 d5 3. Qe2 dxe4 4. dxe4 Nc6 5. c3 Nf6 6. Nf3 Bd7 7. g3 Bd6 8. e5
Bxe5 9. Nxe5 O-O 10. Nxd7 Qxd7 11. Bg2 Rad8 12. O-O 1-0

[Event "AUTO-ADV-1499"]
[Site "http://www.queenalice.com/game.php?id=665079"]
[Date "2009.10.9"]
[Round "1"]
[White "thw"]
[Black "marcaf"]
[Result "1-0"]
[WhiteElo "2012"]
[BlackElo "1966"]

1. e4 e6 2. d4 d5 3. Nc3 Bb4 4. e5 c5 5. a3 Bxc3+ 6. bxc3 c4 7. Qg4 Kf8 8. f4 h5
9. Qh3 Ne7 10. g4 g6 11. Be2 Kg7 12. gxh5 Nf5 13. Bg4 Qa5 14. Bd2 Bd7 15. Nf3
Nc6 16. Bxf5 exf5 17. Qh4 Rxh5 18. Qf6+ Kg8 19. Ng5 Rf8 20. e6 Bxe6 21. Nxe6 Rh7
22. Nxf8 Kxf8 23. O-O Qc7 24. Rfe1 b5 25. Re2 Nd8 26. Qe5 Qxe5 27. Rxe5 Ne6 28.
Rxd5 a6 29. Rd6 Rh4 30. Rxa6 Nxf4 31. Bxf4 Rxf4 32. Rb6 Rg4+ 33. Kh1 Re4 34.
Rxb5 Re2 35. Rc5 Rxc2 36. Rxc4 Ke7 37. a4 Kd6 38. Rc5 Rb2 39. a5 Rb7 40. a6 Ra7
41. Kg2 f6 42. Kf3 Ke6 43. Rb5 Kd6 44. Rb7 1-0

[Event "AUTO-OPEN-1735"]
[Site "http://www.queenalice.com/game.php?id=671889"]
[Date "2009.10.24"]
[Round "1"]
[White "ilcalabresse"]
[Black "marcaf"]
[Result "1-0"]
[WhiteElo "1874"]
[BlackElo "1872"]

1. e4 e6 2. d4 d5 3. Nc3 Bb4 4. Bd3 b6 5. e5 Ba6 6. a3 Bxc3+ 7. bxc3 Bxd3 8.
cxd3 c5 9. dxc5 bxc5 10. Qg4 Kf8 11. Be3 Qc7 12. Qg5 h6 13. Bxc5+ Ke8 14. Qxg7
Qxc5 15. Qxh8 Qxc3+ 16. Ke2 Qc2+ 17. Ke3 Qc5+ 18. Kf3 Qf8 19. Ne2 Nd7 20. d4 Rb8
21. Rhb1 Rxb1 22. Rxb1 Nb6 23. Rb3 Kd7 24. Qh7 Ne7 25. Qd3 Nc6 26. Qb5 f6 27. g3
fxe5+ 28. Kg2 e4 29. Nf4 h5 30. Nxe6 Kxe6 31. Qxc6+ Qd6 32. Qe8+ Qe7 33. Qxh5
Kd6 34. Qe5+ Qxe5 35. dxe5+ Kxe5 36. h4 d4 37. h5 d3 38. h6 Kf6 39. f3 d2 40.
Rb1 Nc4 41. Kf2 e3+ 42. Ke2 Kg6 43. Rh1 Kh7 44. g4 a5 45. g5 a4 46. g6+ 1-0

[Event "AUTO-OPEN-1735"]
[Site "http://www.queenalice.com/game.php?id=671890"]
[Date "2009.10.24"]
[Round "1"]
[White "marcaf"]
[Black "ilcalabresse"]
[Result "1-0"]
[WhiteElo "1872"]
[BlackElo "1897"]

1. e4 e5 2. Nf3 Nc6 3. Bb5 a6 4. Ba4 d6 5. O-O b5 6. Bb3 Na5 7. h3 Nxb3 8. axb3
Be6 9. Qe2 Nf6 10. Nc3 Be7 11. Rxa6 Rb8 12. d3 b4 13. Nd1 c5 14. Bg5 h6 15. Bxf6
gxf6 16. Ne3 Qc8 17. Rfa1 Rg8 18. Kh2 f5 19. exf5 Bxf5 20. Nxf5 Qxf5 21. Ra8 Kd7
22. R1a7+ Ke6 23. Rxb8 Rxb8 24. Qe4 Qxe4 25. dxe4 Bf6 26. g3 Bh8 27. Kg2 Rg8 28.
Nh4 Bf6 29. Nf5 h5 30. Ra6 Be7 31. Nxe7 Kxe7 32. Kf3 Rg6 33. Ke3 Rg8 34. Kd3 Rf8
35. g4 Rg8 36. f3 hxg4 37. hxg4 Rd8 38. Kc4 Ke6 39. c3 bxc3 40. bxc3 Rb8 41. b4
cxb4 42. cxb4 Kd7 43. Ra7+ Ke6 44. b5 Rb6 45. Ra6 Rb7 46. b6 Kd7 47. Ra7 Kc6 48.
Rxb7 Kxb7 49. Kd5 1-0

[Event "AUTO-OPEN-1735"]
[Site "http://www.queenalice.com/game.php?id=671917"]
[Date "2009.10.24"]
[Round "1"]
[White "Wino"]
[Black "marcaf"]
[Result "0-1"]
[WhiteElo "1874"]
[BlackElo "1918"]

1. Nf3 d5 2. g3 Nc6 3. Bg2 e5 4. d3 f5 5. c4 dxc4 6. Qa4 cxd3 7. Nxe5 Bd7 8.
Nxd3 Nf6 9. Nc3 Bd6 10. O-O O-O 11. Qb3+ Kh8 12. Qxb7 Rb8 13. Qa6 Rb6 14. Qc4
Ne5 15. Nxe5 Bxe5 16. Rb1 Ng4 17. Rd1 Rc6 18. Bxc6 Qe8 19. Bxd7 Qh5 0-1

[Event "AUTO-OPEN-1735"]
[Site "http://www.queenalice.com/game.php?id=671918"]
[Date "2009.10.24"]
[Round "1"]
[White "marcaf"]
[Black "Wino"]
[Result "1-0"]
[WhiteElo "1936"]
[BlackElo "1874"]

1. e4 d6 2. d4 Nf6 3. Nc3 g6 4. f4 Bg7 5. Nf3 O-O 6. Bc4 Nxe4 7. Nxe4 d5 8. Ned2
dxc4 9. Nxc4 c5 10. Be3 Qd5 11. Na3 Nc6 12. dxc5 Qe4 13. Qc1 Bxb2 14. Qxb2 Qxe3+
15. Kf1 Rd8 16. Re1 Qxf4 17. Nb5 Qc4+ 18. Kf2 Bg4 19. Kg3 Bxf3 20. gxf3 Qxc5 21.
Nc3 1-0

[Event "AUTO-OPEN-1735"]
[Site "http://www.queenalice.com/game.php?id=671937"]
[Date "2009.10.24"]
[Round "1"]
[White "marcaf"]
[Black "Rusty"]
[Result "0-1"]
[WhiteElo "1887"]
[BlackElo "2372"]

1. e4 e5 2. Nf3 Nc6 3. Bb5 a6 4. Ba4 Nf6 5. d3 d6 6. h3 Be7 7. O-O O-O 8. c3 b5
9. Bc2 d5 10. Re1 dxe4 11. dxe4 Qxd1 12. Rxd1 h6 13. Be3 a5 14. Nbd2 a4 15. b3
b4 16. c4 axb3 17. axb3 Be6 18. Ne1 Ra3 19. Rxa3 bxa3 20. Ra1 Ra8 21. f3 a2 22.
Nd3 Nb4 23. Nxb4 Bxb4 0-1

[Event "AUTO-OPEN-1735"]
[Site "http://www.queenalice.com/game.php?id=671938"]
[Date "2009.10.24"]
[Round "1"]
[White "Rusty"]
[Black "marcaf"]
[Result "1-0"]
[WhiteElo "2369"]
[BlackElo "1889"]

1. d4 Nf6 2. c4 g6 3. Nc3 Bg7 4. e4 d6 5. Nf3 O-O 6. Be2 e5 7. O-O Nc6 8. d5 Ne7
9. b4 Nh5 10. a4 f5 11. a5 f4 12. c5 h6 13. a6 b6 14. Bc4 g5 15. Nxg5 hxg5 16.
Qxh5 g4 17. Bb5 c6 18. dxc6 Rf6 19. Bc4+ Kf8 20. Rd1 Nxc6 21. Rxd6 Qe8 22. Rxf6+
Bxf6 23. Qh6+ Bg7 24. Qd6+ Ne7 25. Bb5 Qf7 26. Qd8+ 1-0

[Event "Challenge"]
[Site "http://www.queenalice.com/game.php?id=682772"]
[Date "2009.11.14"]
[Round "-"]
[White "ymfrancois"]
[Black "marcaf"]
[Result "1-0"]
[WhiteElo "1803"]
[BlackElo "1925"]

1. e4 e6 2. d4 d5 3. e5 c5 4. c3 Nc6 5. Nf3 Qb6 6. a4 Bd7 7. Bb5 a6 8. Bd3 cxd4
9. cxd4 Nxd4 10. Ng5 h6 11. Nf3 Nxf3+ 12. Qxf3 Bb4+ 13. Nd2 Ne7 14. O-O Bc6 15.
Qh3 Bxd2 16. Bxd2 Qxb2 17. Bg5 Qxe5 18. Bxe7 Kxe7 19. Rfe1 Qc7 20. Qh4+ g5 21.
Qd4 Raf8 22. Bf5 Qf4 23. Qc5+ Kf6 24. Bd3 Kg7 25. Bxa6 bxa6 26. Qxc6 Ra8 27. h3
Rhc8 28. Qb6 Rcb8 29. Qa5 Rb2 30. Qc3+ Qf6 31. Qg3 Rc8 32. Rf1 Rcc2 33. Ra3 h5
34. Rf3 Qg6 35. h4 g4 36. Rd3 Ra2 37. Ra3 a5 38. Re3 Rxa4 39. Re5 Kh7 40. Rg5
Qh6 41. Qd3+ Kh8 42. Qxc2 Rc4 43. Qb2+ f6 44. Qb8+ Kh7 45. Qg8# 1-0

[Event "brancas"]
[Site "http://www.queenalice.com/game.php?id=692521"]
[Date "2009.12.3"]
[Round "-"]
[White "paloberto"]
[Black "marcaf"]
[Result "1-0"]
[WhiteElo "1895"]
[BlackElo "1888"]

1. e4 e6 2. c4 d5 3. cxd5 exd5 4. Nc3 dxe4 5. Nxe4 Be7 6. Nf3 Nf6 7. Nxf6+ Bxf6
8. Bb5+ c6 9. Qe2+ Qe7 10. Bc4 Bf5 11. O-O Qxe2 12. Bxe2 O-O 13. a3 Nd7 14. d4
Rfe8 15. Re1 Rad8 16. b4 Nb6 17. Bb2 Nd5 18. Rad1 Nf4 19. Rd2 1-0

[Event "Paella"]
[Site "http://www.queenalice.com/game.php?id=694266"]
[Date "2009.12.7"]
[Round "-"]
[White "bobifixer"]
[Black "marcaf"]
[Result "0-1"]
[WhiteElo "1892"]
[BlackElo "1896"]

1. d4 Nf6 2. Nf3 g6 3. g3 Bg7 4. Bg2 d5 5. O-O O-O 6. c3 b6 7. Bg5 Nbd7 8. Bxf6
Nxf6 9. Nbd2 e6 10. Ne5 Bb7 11. e3 Nd7 12. Nxd7 Qxd7 13. Qg4 c5 14. h4 h5 15.
Qe2 Rae8 16. Qd3 a6 17. Rad1 Re7 18. Rfe1 Rfe8 19. Nf3 Qb5 20. Qxb5 axb5 21. a3
Kf8 22. Ng5 f6 23. Nh3 Kf7 24. Nf4 Bh6 0-1

[Event "AUTO-OPEN-1815"]
[Site "http://www.queenalice.com/game.php?id=704476"]
[Date "2009.12.27"]
[Round "1"]
[White "nuage"]
[Black "marcaf"]
[Result "0-1"]
[WhiteElo "1475"]
[BlackElo "1887"]

1. e4 e6 2. d4 d5 3. e5 c5 4. Bb5+ Nc6 5. Nf3 Qb6 6. Nc3 cxd4 7. Nxd4 Bd7 8. Na4
Qxd4 9. Qxd4 Nxd4 10. Bxd7+ Kxd7 11. Kd1 Nc6 12. Nc5+ Kc7 13. Re1 Bxc5 14. Bd2
Nge7 15. a3 Nf5 16. f3 Bd4 17. c3 Bxe5 18. g4 Nfe7 19. f4 Bd6 20. g5 h6 21. g6
Nxg6 22. b4 Bxf4 23. Rf1 e5 24. b5 Nce7 25. a4 f6 26. h3 Bxd2 27. Kxd2 Nf4 28.
h4 Neg6 29. Ke3 Rhg8 30. Rad1 Rad8 31. Rf3 Nxh4 32. Rg3 Nf5+ 33. Kf3 Nxg3 34.
Kxg3 Ne2+ 35. Kf2 Nxc3 36. Rc1 d4 37. a5 Kd6 38. Ra1 Nxb5 39. a6 b6 40. Ke2 Rc8
41. Kd3 Kd5 42. Kd2 Rc6 0-1

[Event "AUTO-OPEN-1815"]
[Site "http://www.queenalice.com/game.php?id=704477"]
[Date "2009.12.27"]
[Round "1"]
[White "marcaf"]
[Black "nuage"]
[Result "1-0"]
[WhiteElo "1885"]
[BlackElo "1523"]

1. d4 Nf6 2. c4 d5 3. Nc3 dxc4 4. e4 e6 5. Bxc4 Bb4 6. e5 Nfd7 7. Qb3 Nc6 8. f4
Qh4+ 9. g3 Qh5 10. Ne2 Qf3 11. Rf1 Qg2 12. Bd2 Qxh2 13. O-O-O Qh5 14. Ne4 Qf5
15. Bxb4 Qxe4 16. Nc3 Qe3+ 17. Kc2 Nxd4+ 18. Rxd4 Qxd4 19. Bxe6 Kd8 20. Bxf7 b6
21. e6 c5 22. exd7 Bxd7 23. Ba3 Bf5+ 24. Kc1 Qe3+ 25. Kd1 Qd3+ 26. Ke1 Qxg3+ 27.
Rf2 Qg1+ 28. Ke2 Bg4+ 29. Ke3 Qe1+ 30. Ne2 Bxe2 31. Qd5+ Ke7 32. Rxe2 Qg3+ 33.
Kd2+ Kf6 34. Qe6# 1-0

[Event "AUTO-OPEN-1815"]
[Site "http://www.queenalice.com/game.php?id=704504"]
[Date "2009.12.27"]
[Round "1"]
[White "marcaf"]
[Black "alesson"]
[Result "1-0"]
[WhiteElo "1889"]
[BlackElo "1671"]

1. f4 e6 2. c3 Qh4+ 3. g3 Qh5 4. Qc2 Qd5 5. Nf3 Nf6 6. d3 Bc5 7. e4 Qh5 8. Bg2
O-O 9. d4 Bb6 10. Be3 d5 11. e5 Ng4 12. Bf2 Nxf2 13. Kxf2 Nc6 14. Nbd2 a5 15. h3
f6 16. g4 Qf7 17. Kg3 fxe5 18. fxe5 Qf4+ 19. Kf2 Ne7 20. Rhf1 c5 21. Kg1 cxd4
22. cxd4 Bxd4+ 23. Nxd4 Qxd4+ 24. Kh1 Rxf1+ 25. Rxf1 Qxe5 26. Nf3 Qf4 27. Nh4 b5
28. Rxf4 b4 29. Nf3 Ng6 30. Rd4 Ba6 31. Qc6 Rc8 32. Qxe6+ Kh8 33. Ng5 Nh4 34.
Nf7+ Kg8 35. Nh6+ Kh8 36. Qg8+ Rxg8 37. Nf7# 1-0

[Event "AUTO-OPEN-1815"]
[Site "http://www.queenalice.com/game.php?id=704505"]
[Date "2009.12.27"]
[Round "1"]
[White "alesson"]
[Black "marcaf"]
[Result "1-0"]
[WhiteElo "1624"]
[BlackElo "1912"]

1. d4 Nf6 2. Bg5 Ne4 3. Nf3 Nxg5 4. Nxg5 e5 5. Ne4 exd4 6. Qxd4 Nc6 7. Qe3 Be7
8. Nbc3 d5 9. Nd2 d4 10. Qg3 dxc3 11. Qxc3 Bf6 12. Qe3+ Be6 13. c3 O-O 14. a3
Re8 15. Qf3 Qd7 16. Ne4 Be7 17. Rd1 Qc8 18. e3 Rd8 19. Rxd8+ Qxd8 20. Bb5 Qd5
21. Bxc6 Qxc6 22. O-O Bd5 23. Qg3 Bxe4 24. f3 Bg6 25. e4 Qb6+ 26. Kh1 Qxb2 27.
Qxc7 Qxa3 28. Qxb7 Rf8 29. Rb1 Qxc3 30. Qxe7 a5 31. h3 a4 32. Rd1 a3 33. Rd8
Qa1+ 34. Kh2 Qe5+ 35. Qxe5 Rxd8 36. Qa5 h5 37. Qxd8+ Kh7 38. Qa5 h4 39. Qxa3 f6
40. Qe7 Kh6 41. f4 Bh5 42. e5 Kg6 43. exf6 gxf6 44. Qe6 Kg7 45. f5 Bf7 46. Qe7
Kg8 47. Qxf6 Kf8 48. Qxh4 Kg8 49. f6 Bg6 50. Qh6 Kf7 51. Qg7+ Ke6 52. Qe7+ 1-0

[Event "AUTO-OPEN-1815"]
[Site "http://www.queenalice.com/game.php?id=704506"]
[Date "2009.12.27"]
[Round "1"]
[White "marcaf"]
[Black "donnybaby"]
[Result "0-1"]
[WhiteElo "1866"]
[BlackElo "1849"]

1. d4 e6 2. c4 Bb4+ 3. Nc3 Nc6 4. e4 Qh4 5. Qd3 Bxc3+ 6. bxc3 Nf6 7. e5 Qe4+ 8.
Qxe4 Nxe4 9. Bd2 Nxd2 10. Kxd2 b6 11. f4 Bb7 12. Nf3 h6 13. Bd3 Ne7 14. Ke3 Bxf3
15. Kxf3 g5 16. g3 gxf4 17. gxf4 d6 18. Rhg1 dxe5 19. fxe5 O-O-O 20. Rg7 Rdf8
21. Rag1 Rhg8 22. Ke4 Ng6 23. Rxg8 Rxg8 24. d5 Kd7 25. h4 h5 0-1

[Event "AUTO-OPEN-1815"]
[Site "http://www.queenalice.com/game.php?id=704507"]
[Date "2009.12.27"]
[Round "1"]
[White "donnybaby"]
[Black "marcaf"]
[Result "1-0"]
[WhiteElo "1831"]
[BlackElo "1884"]

1. e3 e5 2. c3 c5 3. Ne2 Nc6 4. Ng3 d5 5. Bb5 f6 6. Bxc6+ bxc6 7. d4 e4 8. dxc5
Bxc5 9. b4 Bb6 10. h3 a5 11. bxa5 Bxa5 12. Bb2 Qb6 13. Ba3 Bxc3+ 14. Nxc3 Rxa3
15. O-O Rxc3 16. Ne2 Rc5 17. Nd4 Ra5 18. Qe2 1-0